000 00443 a2200157 4500
005 20260427151432.0
008 260427b |||||||| |||| 00| 0 eng d
020 _a9789348164285
080 _aFM
_bABH/PA
100 _aAbhilash Thundumannil
245 _aParanthrees kuzhal(പരന്ത്രീസ് കുഴൽ)
260 _bSPCS
_aKottayam
_c2025
300 _a216p.
653 _aFiction-Novel-Malayalam Literature
942 _cBK
999 _c115499
_d115498